| 000 | 00516nam a22001937a 4500 | ||
|---|---|---|---|
| 003 | OSt | ||
| 005 | 20170124182055.0 | ||
| 008 | 170124b xxu||||| |||| 00| 0 eng d | ||
| 020 | _a9780702022494 | ||
| 040 | _cDMLN | ||
| 082 | _aWS18 P137t 1999 | ||
| 100 |
_aMarshall, Tom; Cochran, Dominic; Bath, Louise _911454 |
||
| 245 | _aMCQs in Paediatrics | ||
| 260 | _aEdinburgh; Saunders, 1999 | ||
| 300 | _aviii,404p; ill: 22cm | ||
| 504 | _aIndex included | ||
| 650 |
_aMCQs Paediatrics _911455 |
||
| 942 |
_2z _cO_SHELF |
||
| 999 |
_c5486 _d5486 |
||